| 000 | 00346nam a2200133Ia 4500 | ||
|---|---|---|---|
| 005 | 20251222143208.0 | ||
| 008 | 251222s9999||||xx |||||||||||||| ||spa|| | ||
| 020 | _a84-481-3396-X | ||
| 082 | _a658.312.4/Z73G | ||
| 100 | _aZeus, Perry | ||
| 245 | 0 | _aGuía Completa de Coaching en el Trabajo | |
| 264 | _bMcGRAW-HILL INTERAMERICANA | ||
| 942 | _cLIB | ||
| 999 |
_c13318 _d13318 |
||